[Event "Reykjavik Open 2024"]
[Site "Reykjavik ISL"]
[Date "2024.03.16"]
[Round "3.123"]
[White "Eliasson, Kristjan Orn"]
[Black "Banta, Robert Lance"]
[Result "1-0"]
[WhiteElo "1902"]
[BlackElo "1755"]
[WhiteFideId "2301784"]
[BlackFideId "39908682"]
[EventDate "2024.03.15"]

1. e4 c5 2. Nc3 Nc6 3. Nf3 d6 4. h3 a6 5. d4 cxd4 6. Nxd4 Bd7 7. Be3 Nf6 8. Bd3
e6 9. Qd2 Qc7 10. a3 Be7 11. f3 O-O-O 12. Qf2 Ne5 13. O-O Rdg8 14. Nb3 Bc6 15.
Bb6 Qd7 16. f4 Nxd3 17. cxd3 Kb8 18. Nd4 Rc8 19. a4 Bd8 20. Ba7+ Ka8 21. a5 e5
22. Nxc6 Rxc6 23. Be3 h6 24. Rfd1 Re8 25. Kh2 d5 26. Ne2 Rc2 27. fxe5 Rxe5 28.
Bf4 Re8 29. Qf3 Rxb2 30. e5 Ng8 31. Nc3 Ne7 32. Bc1 Rb3 33. Bd2 Nc6 34. Rdb1
Rxb1 35. Rxb1 Rxe5 36. Kh1 Bxa5 37. Na4 b5 38. Bxa5 bxa4 39. Bc3 Rf5 40. Qg3 Rg5
41. Qf4 f6 42. Qxa4 Ka7 43. Bd4+ Ka8 44. Qxa6+ Na7 45. Bxa7 1-0

[Event "Reykjavik Open 2024"]
[Site "Reykjavik ISL"]
[Date "2024.03.16"]
[Round "3.124"]
[White "Jansen, Marijn"]
[Black "Field, Lila Quinn"]
[Result "1/2-1/2"]
[WhiteElo "1899"]
[BlackElo "1747"]
[WhiteFideId "1089587"]
[BlackFideId "30941334"]
[EventDate "2024.03.15"]

1. e4 e5 2. Nf3 Nc6 3. Bc4 Nf6 4. d3 d6 5. O-O a6 6. Re1 Na5 7. Bb3 Nxb3 8. axb3
Be7 9. h3 O-O 10. Nc3 b6 11. Ne2 h6 12. Ng3 Re8 13. Bd2 Bf8 14. Bc3 c5 15. Qd2
Nh7 16. b4 Qf6 17. Qe2 Ng5 18. Nxg5 Qxg5 19. bxc5 dxc5 20. Bd2 Qg6 21. Qf3 Qc6
22. Nf5 Bxf5 23. Qxf5 c4 24. Re3 Re6 25. Rf3 Rf6 26. Qxe5 Rxf3 27. gxf3 cxd3 28.
cxd3 Qd7 29. Qg3 h5 30. f4 Rd8 31. Bc3 Qxd3 32. Qxd3 Rxd3 33. Rxa6 Bc5 34. Kg2
Bd4 35. Bxd4 Rxd4 36. Rxb6 Rxe4 37. Kf3 Rc4 38. b4 Rc3+ 39. Kg2 Rb3 40. f5 h4
41. b5 Kh7 42. f6 Kg6 43. fxg7+ Kxg7 44. Rb8 Kf6 45. b6 Kf5 46. b7 Kf4 47. Rh8
Rxb7 48. Rxh4+ Kg5 49. Rg4+ Kh5 50. Kg3 Rb3+ 51. f3 Ra3 52. Rg7 f6 53. Kf4 Kh6
54. Rg8 Rb3 55. Ke4 Ra3 56. h4 Kh7 57. Rg3 Ra4+ 58. Kf5 Rxh4 59. Kxf6 Rf4+ 60.
Ke5 Ra4 61. f4 Ra5+ 62. Ke6 Ra6+ 63. Kd5 Ra5+ 64. Ke4 Ra4+ 65. Kf3 Ra3+ 66. Kg4
Rxg3+ 67. Kxg3 Kg6 68. Kg4 Kf6 69. f5 Kf7 70. Kg5 Kg7 71. f6+ Kf7 72. Kf5 Kf8
73. Ke6 Ke8 74. f7+ Kf8 75. Kf6 1/2-1/2

[Event "Reykjavik Open 2024"]
[Site "Reykjavik ISL"]
[Date "2024.03.16"]
[Round "3.125"]
[White "Dyshliuk, Fedir"]
[Black "Spencer, Aaron"]
[Result "0-1"]
[WhiteElo "1740"]
[BlackElo "1899"]
[WhiteFideId "34142827"]
[BlackFideId "2061368"]
[EventDate "2024.03.15"]

1. e4 c5 2. Nf3 d6 3. Bb5+ Nd7 4. c4 a6 5. Ba4 g6 6. Nc3 Bg7 7. O-O Nf6 8. d3
O-O 9. Re1 Ng4 10. Bf4 Nde5 11. h3 Nxf3+ 12. Qxf3 Ne5 13. Qe3 Rb8 14. Rad1 Bd7
15. Bxd7 Qxd7 16. a4 Nc6 17. Bh6 Nd4 18. Bxg7 Kxg7 19. Qd2 b6 20. Rb1 Qxh3 21.
Ne2 Nxe2+ 22. Rxe2 Qd7 23. b3 e5 24. Re3 f5 25. exf5 Rxf5 26. Rh3 Rbf8 27. Qh6+
Kg8 28. Rb2 Rf4 29. Re2 R8f7 30. Qg5 R7f5 31. Qg3 b5 32. axb5 axb5 33. Ra2 bxc4
34. dxc4 Qb7 35. Qe3 Rxc4 36. bxc4 Qb1+ 37. Kh2 Qxa2 38. Qd3 Qa6 39. Qd5+ Kg7
40. Qd2 Rf7 41. Qh6+ Kg8 42. Rb3 Qc8 43. Qd2 Qf5 44. Rf3 Qe6 45. Rc3 Qf6 46. Kg1
Qf4 47. Qe2 Ra7 48. Qb2 Rf7 49. Qe2 Qd4 50. Rc1 Ra7 51. Qf1 Ra2 52. Rd1 Rxf2 53.
Qxf2 Qxd1+ 54. Kh2 Qd4 55. Qa2 e4 56. Qa8+ Kg7 57. Qb7+ Kh6 58. Qf7 Qe5+ 59. Kh1
Qf5 60. Qe7 Qf1+ 61. Kh2 Qf4+ 62. Kg1 e3 63. Qe6 Qf2+ 64. Kh2 e2 65. Qh3+ Kg7
66. Qd7+ Qf7 0-1

[Event "Reykjavik Open 2024"]
[Site "Reykjavik ISL"]
[Date "2024.03.16"]
[Round "3.126"]
[White "Pisan, Kai"]
[Black "Hafthorsson, Jon Ulfur"]
[Result "1-0"]
[WhiteElo "1897"]
[BlackElo "1738"]
[WhiteFideId "39904881"]
[BlackFideId "2323206"]
[EventDate "2024.03.15"]

1. d4 Nf6 2. c4 g6 3. g3 Bg7 4. Nc3 O-O 5. Bg2 d6 6. Nf3 Nc6 7. O-O e5 8. dxe5
dxe5 9. Qa4 Bd7 10. Qb3 Rb8 11. Rd1 Qe7 12. Bg5 Na5 13. Qc2 Bc6 14. Nd5 Bxd5 15.
cxd5 b6 16. Rac1 e4 17. Nd4 h6 18. Bxf6 Qxf6 19. e3 Qd6 20. Qxc7 Qxc7 21. Rxc7
Rb7 22. Rdc1 Be5 23. Rc8 f5 24. Ne6 Rxc8 25. Rxc8+ Kh7 26. b4 Rb8 27. Rxb8 Bxb8
28. bxa5 bxa5 29. Nc5 Kg7 30. Nb7 Kf7 31. d6 Ke6 32. Bf1 Kd7 33. Bb5+ 1-0

[Event "Reykjavik Open 2024"]
[Site "Reykjavik ISL"]
[Date "2024.03.16"]
[Round "3.127"]
[White "Bernard, Christopher"]
[Black "Solsker, Tummas M."]
[Result "0-1"]
[WhiteElo "1728"]
[BlackElo "1897"]
[WhiteFideId "447447"]
[BlackFideId "7200480"]
[EventDate "2024.03.15"]

1. Nf3 d5 2. b4 Nf6 3. Bb2 e6 4. a3 Be7 5. e3 O-O 6. Be2 b6 7. O-O Bb7 8. d3
Nbd7 9. Nbd2 c5 10. b5 Qc7 11. c4 Rad8 12. Qc2 Bd6 13. Rfd1 Rfe8 14. a4 e5 15.
cxd5 Nxd5 16. Nc4 Bf8 17. Ng5 Be7 18. Ne4 f5 19. Ned2 Bf6 20. a5 Nf8 21. Qb3 Kh8
22. axb6 axb6 23. Ra7 Qb8 24. Rda1 Ng6 25. Bh5 Rf8 26. Bxg6 hxg6 27. g3 Nb4 28.
Bxe5 Bxe5 29. Rxb7 Qxb7 30. Nxe5 Rf6 31. Ndc4 Kh7 32. d4 g5 33. f3 Qe7 34. Rb1
Re6 35. Kf2 f4 36. gxf4 gxf4 37. e4 Rxd4 38. Rd1 Rxd1 39. Qxd1 Rxe5 40. Nxe5
Qxe5 41. Qf1 Qd4+ 42. Kg2 Nc2 43. Kh1 0-1

[Event "Reykjavik Open 2024"]
[Site "Reykjavik ISL"]
[Date "2024.03.16"]
[Round "3.128"]
[White "Banerjee, Aryan"]
[Black "Jonatansson, Sigurdur Freyr"]
[Result "1-0"]
[WhiteElo "1896"]
[BlackElo "1731"]
[WhiteFideId "1765035"]
[BlackFideId "2303116"]
[EventDate "2024.03.15"]

1. Nf3 d6 2. d4 Bg4 3. e4 Nd7 4. Be3 Ngf6 5. Nbd2 c6 6. Bd3 e5 7. c3 d5 8. h3
Bxf3 9. Qxf3 exd4 10. Bxd4 Bd6 11. O-O-O Be5 12. Be3 Qa5 13. Kb1 O-O 14. g4 dxe4
15. Nxe4 g6 16. h4 Nd5 17. Bh6 f5 18. Ng3 Nxc3+ 19. bxc3 Qxc3 20. Bc4+ Qxc4 21.
Rxd7 fxg4 22. Qb3 Qxb3+ 23. axb3 Rxf2 24. Rhd1 Bf6 25. Ne4 Rf8 26. Nxf6+ R8xf6
27. Rg7+ Kh8 28. Rdd7 Rf1+ 29. Ka2 Rh1 30. Rxh7+ Kg8 31. Rdg7+ Kf8 32. Rh8# 1-0

[Event "Reykjavik Open 2024"]
[Site "Reykjavik ISL"]
[Date "2024.03.16"]
[Round "3.129"]
[White "Perchard, Matthew"]
[Black "Airlie, Arran"]
[Result "0-1"]
[WhiteElo "1724"]
[BlackElo "1894"]
[WhiteFideId "343404235"]
[BlackFideId "442011"]
[EventDate "2024.03.15"]

1. e4 c6 2. d4 d5 3. e5 c5 4. dxc5 e6 5. Nf3 Bxc5 6. Nbd2 Ne7 7. Nb3 Bb6 8. Bg5
h6 9. Be3 Bxe3 10. fxe3 Nbc6 11. Bb5 O-O 12. Bxc6 bxc6 13. O-O Qb6 14. Qd4 Nf5
15. Qxb6 axb6 16. Rfe1 c5 17. a4 Bd7 18. a5 c4 19. Nbd4 Rxa5 20. Rxa5 bxa5 21.
Nxf5 exf5 22. Re2 c3 23. bxc3 a4 24. Rd2 a3 25. Rd1 Rc8 26. Nd4 Rxc3 27. Ra1
Rxe3 28. Kf2 f4 29. Nb3 Bf5 30. Rxa3 Bxc2 31. Ra8+ Kh7 32. Nd4 Bd3 33. Nf3 Re2+
34. Kg1 g5 35. h3 Be4 36. Kf1 Bxf3 37. gxf3 Rxe5 38. Rd8 Kg6 39. Rd6+ f6 40. Kf2
Kf7 41. Rd8 Ke7 42. Rh8 d4 43. Rxh6 d3 44. Rh7+ Kd6 45. Ra7 d2 46. Ra1 Kc5 47.
Rd1 Rd5 48. Ke2 Kc4 49. Rxd2 Rxd2+ 50. Kxd2 Kd4 51. Ke2 Kc3 52. Ke1 Kd3 53. Kf2
Kd2 54. Kg1 Ke1 55. Kg2 Ke2 56. Kh2 Kxf3 57. h4 gxh4 58. Kh3 Ke2 59. Kh2 f3 60.
Kh3 f2 61. Kh2 f1=R 0-1

[Event "Reykjavik Open 2024"]
[Site "Reykjavik ISL"]
[Date "2024.03.16"]
[Round "3.130"]
[White "Andrieu, Justin"]
[Black "Kjartansson, Matthias Bjorgvin"]
[Result "0-1"]
[WhiteElo "1720"]
[BlackElo "1893"]
[WhiteFideId "1099795"]
[BlackFideId "2319225"]
[EventDate "2024.03.15"]

1. c4 Nf6 2. Nc3 e6 3. g3 d5 4. cxd5 exd5 5. d4 c6 6. Bg2 Bb4 7. e3 Bf5 8. Ne2
O-O 9. O-O Na6 10. a3 Bd6 11. h3 h5 12. Nf4 Bxf4 13. exf4 Qd7 14. Kh2 Rfe8 15.
Be3 Nc7 16. Na4 b6 17. Rc1 Nb5 18. Nc3 Nd6 19. b4 b5 20. a4 a6 21. Re1 Nc4 22.
Qb3 Re7 23. Nd1 Ne8 24. Nb2 Nxb2 25. Qxb2 Nd6 26. a5 Nc4 27. Qb3 Rae8 28. Rc3
Be4 29. Qd1 Qf5 30. g4 hxg4 31. Qxg4 Qxg4 32. hxg4 Bxg2 33. Kxg2 Re4 34. Kf1 g5
35. fxg5 Rxg4 36. Re2 Rh4 37. Rd3 Rh1+ 38. Kg2 Rb1 0-1

[Event "Reykjavik Open 2024"]
[Site "Reykjavik ISL"]
[Date "2024.03.16"]
[Round "3.131"]
[White "Brand, Niels"]
[Black "Hallmundarson, Birkir"]
[Result "1-0"]
[WhiteElo "1891"]
[BlackElo "1708"]
[WhiteFideId "1085107"]
[BlackFideId "2319446"]
[EventDate "2024.03.15"]

1. d4 Nf6 2. Bg5 e6 3. e4 Be7 4. Bd3 d5 5. Bxf6 Bxf6 6. e5 Be7 7. f4 c5 8. c3
Nc6 9. Ne2 cxd4 10. Nxd4 Nxd4 11. cxd4 Qb6 12. b3 Bb4+ 13. Kf1 Bd7 14. Be2 Bb5
15. a3 Be7 16. Nc3 Bxe2+ 17. Nxe2 O-O 18. Kf2 f6 19. Kg3 fxe5 20. fxe5 Rf5 21.
h3 Raf8 22. Qd3 R8f6 23. Kh2 Rg6 24. Rhf1 Rxf1 25. Rxf1 Bxa3 26. Nf4 Rh6 27. Qc2
Be7 28. Qc8+ Bd8 29. Qd7 Qc6 30. Qxd8+ Kf7 31. Nxd5+ Kg6 32. Ne7+ Kh5 33. Nxc6
a5 34. g4+ Kg6 35. Ne7+ Kg5 36. Ng8+ Kg6 37. Nxh6 a4 38. Rf6+ Kg5 39. Nf7+ Kh4
40. Rh6# 1-0

[Event "Reykjavik Open 2024"]
[Site "Reykjavik ISL"]
[Date "2024.03.16"]
[Round "3.132"]
[White "Halldorsson, Kristjan"]
[Black "Molina Cruz, Jurgen Snaider"]
[Result "1-0"]
[WhiteElo "1887"]
[BlackElo "1708"]
[WhiteFideId "2302551"]
[BlackFideId "3911381"]
[EventDate "2024.03.15"]

1. d4 Nf6 2. c4 g6 3. Nc3 Bg7 4. e4 d6 5. Nf3 Bg4 6. Be2 Nc6 7. Be3 e6 8. Qd2
Ne7 9. O-O O-O 10. Rfd1 c6 11. Bh6 d5 12. Bxg7 Kxg7 13. cxd5 exd5 14. e5 Nd7 15.
h3 Bxf3 16. Bxf3 Nf5 17. g3 Re8 18. Bg4 Nh6 19. Bxd7 Qxd7 20. Kh2 Qf5 21. g4 Qd7
22. f4 Qe7 23. Qf2 f6 24. exf6+ Qxf6 25. g5 Qf5 26. gxh6+ Kxh6 27. Re1 Rf8 28.
Qh4+ Kg7 29. Re7+ Rf7 30. Rxf7+ Qxf7 31. Re1 Re8 32. Rxe8 Qxe8 33. Qf2 Qf7 34.
Qe3 b5 35. Nd1 Kf8 36. Nf2 a5 37. Qe5 h5 38. Nd3 Qf5 39. Qxf5+ gxf5 40. Ne5 c5
41. Nd7+ Ke7 42. Nxc5 h4 43. Kg2 a4 44. Kf2 Kd6 45. Ke2 Kc6 46. Kd3 Kb6 47. a3
Ka5 48. Nb7+ Kb6 49. Nd6 Ka5 50. Kc3 1-0

[Event "Reykjavik Open 2024"]
[Site "Reykjavik ISL"]
[Date "2024.03.16"]
[Round "3.133"]
[White "Skjoldebrand, Martin"]
[Black "Liagre, Nicolas Gonzague Henri"]
[Result "1/2-1/2"]
[WhiteElo "1884"]
[BlackElo "1698"]
[WhiteFideId "1711911"]
[BlackFideId "6002390"]
[EventDate "2024.03.15"]

1. d4 d5 2. c4 e6 3. Nc3 c6 4. cxd5 exd5 5. Nf3 Nf6 6. Bg5 Be7 7. e3 O-O 8. Bd3
Nbd7 9. Qc2 h6 10. Bh4 Re8 11. O-O Nf8 12. Rab1 Be6 13. Rfc1 N6d7 14. Bg3 b5 15.
a4 a6 16. Ne2 Rc8 17. axb5 axb5 18. Ra1 Qb6 19. Qb3 Ra8 20. Nf4 Bg4 21. Bf1 Ne6
22. Nd3 Bxf3 23. gxf3 b4 24. Ra4 c5 25. Rxa8 Rxa8 26. Qxd5 Rd8 27. dxc5 Ndxc5
28. Qc4 Nxd3 29. Bxd3 Ng5 30. Be4 Qf6 31. Qe2 Qe6 32. Qc2 Qf6 33. Kg2 Qe6 34.
Bf5 Qd5 35. Be4 Qd6 36. Bf5 Qf6 37. h4 Nxf3 38. Kxf3 g6 39. Kg2 Qxf5 40. Qxf5
gxf5 41. Rc2 Bf6 42. Kf3 b3 43. Rc6 Bxb2 44. Rb6 Rd3 45. Ke2 Rc3 46. Kd2 Rc2+
47. Kd1 Rc1+ 48. Kd2 Rc2+ 49. Kd1 Rc1+ 1/2-1/2

[Event "Reykjavik Open 2024"]
[Site "Reykjavik ISL"]
[Date "2024.03.16"]
[Round "3.134"]
[White "Pointier, Pierre"]
[Black "Spagnoli, Benjamin"]
[Result "1-0"]
[WhiteElo "1698"]
[BlackElo "1883"]
[WhiteFideId "343104638"]
[BlackFideId "20667116"]
[EventDate "2024.03.15"]

1. d4 d5 2. Bf4 Nf6 3. e3 e6 4. Nf3 Bd6 5. Bg3 c5 6. c3 Qc7 7. Nbd2 Nbd7 8. Bd3
e5 9. dxe5 Nxe5 10. Nxe5 Bxe5 11. Nf3 Bd6 12. Qc2 Bg4 13. Bf5 g6 14. Qa4+ b5 15.
Qxb5+ Kf8 16. Bxg4 Bxg3 17. hxg3 Nxg4 18. O-O h5 19. Rad1 h4 20. gxh4 Rd8 21. b4
Rxh4 22. Qxc5+ Qxc5 23. bxc5 Rh5 24. Nd4 Kg7 25. g3 Rc8 26. c6 Ne5 27. Kg2 Nxc6
28. Nxc6 Rxc6 29. Rc1 Re5 30. Rfd1 Kf6 31. Rd4 Ke6 32. c4 dxc4 33. Rdxc4 Rxc4
34. Rxc4 Ra5 35. a4 a6 36. g4 g5 37. Kf3 Kd5 38. Rd4+ Ke5 39. Ke2 f5 40. gxf5
Kxf5 41. f3 Rc5 42. Kd3 Rc6 43. Rd5+ Kf6 44. Kd4 Rb6 45. Kc4 Re6 46. e4 g4 47.
e5+ Kf5 48. fxg4+ Kxg4 49. Kd4 Kf5 50. Rd8 Rb6 51. Rf8+ Kg6 52. Kd5 Kg7 53. Rf4
a5 54. e6 Rb2 55. Kd6 Rd2+ 56. Kc6 Re2 57. Kd7 Rd2+ 58. Ke8 Re2 59. e7 Kg8 60.
Rg4+ Kh7 61. Rg5 Kh6 62. Rxa5 Kg7 63. Ra7 Rh2 64. a5 Kf6 65. Ra6+ Ke5 66. Rg6
Kf5 67. Rc6 Ke5 68. a6 Kd5 69. Kd7 Rh8 70. Rc8 1-0

[Event "Reykjavik Open 2024"]
[Site "Reykjavik ISL"]
[Date "2024.03.16"]
[Round "3.135"]
[White "Arnalds, Stefan"]
[Black "Davidsen, Rokur"]
[Result "0-1"]
[WhiteElo "1876"]
[BlackElo "1682"]
[WhiteFideId "2304821"]
[BlackFideId "7203098"]
[EventDate "2024.03.15"]

1. d4 f5 2. Nf3 Nf6 3. g3 e6 4. Bg2 Be7 5. O-O O-O 6. c4 d6 7. Nc3 Qe8 8. Qc2 a5
9. e4 fxe4 10. Nxe4 Qh5 11. Re1 Nc6 12. h3 h6 13. Nxf6+ Bxf6 14. g4 Qf7 15. d5
exd5 16. g5 hxg5 17. Nxg5 Bxg5 18. Bxd5 0-1

[Event "Reykjavik Open 2024"]
[Site "Reykjavik ISL"]
[Date "2024.03.16"]
[Round "3.136"]
[White "Wolff, Michael"]
[Black "Solsker, Jonas"]
[Result "1-0"]
[WhiteElo "1874"]
[BlackElo "1681"]
[WhiteFideId "24607657"]
[BlackFideId "7204124"]
[EventDate "2024.03.15"]

1. e4 c6 2. d4 d5 3. exd5 cxd5 4. c4 Nf6 5. Nc3 Nc6 6. Nf3 Bg4 7. cxd5 Nxd5 8.
Qb3 Bxf3 9. gxf3 e6 10. Qxb7 Nxd4 11. Bb5+ Nxb5 12. Qc6+ Ke7 13. Qc5+ Ke8 14.
Qc6+ Ke7 15. Qxb5 Nxc3 16. bxc3 Qd7 17. Rb1 Qxb5 18. Rxb5 Rd8 19. Ke2 g6 20.
Bg5+ f6 21. Rb7+ Rd7 22. Bxf6+ Kxf6 23. Rxd7 Bc5 24. Rhd1 h6 25. Rc7 Rb8 1-0

[Event "Reykjavik Open 2024"]
[Site "Reykjavik ISL"]
[Date "2024.03.16"]
[Round "3.137"]
[White "Abbott, James"]
[Black "Gulbinski, Michal"]
[Result "1/2-1/2"]
[WhiteElo "1852"]
[BlackElo "1671"]
[WhiteFideId "2078082"]
[BlackFideId "21086079"]
[EventDate "2024.03.15"]

1. d4 d5 2. Nf3 Nf6 3. c4 c6 4. e3 Bg4 5. h3 Bh5 6. Nc3 e6 7. a3 Nbd7 8. Be2 a5
9. cxd5 exd5 10. O-O Bd6 11. Bd2 O-O 12. Rc1 Re8 13. Na4 Qe7 14. Nh4 Bxe2 15.
Qxe2 g6 16. Nf3 b5 17. Nc3 Nb6 18. Nb1 Rec8 19. Ne5 Bxe5 20. dxe5 Ne4 21. Bc3
Nxc3 22. Rxc3 Qxe5 23. Rfc1 Qd6 24. Qc2 Nc4 1/2-1/2

[Event "Reykjavik Open 2024"]
[Site "Reykjavik ISL"]
[Date "2024.03.16"]
[Round "3.138"]
[White "Helgadottir, Idunn"]
[Black "Imam-Sadeque, Ali"]
[Result "1-0"]
[WhiteElo "1849"]
[BlackElo "1652"]
[WhiteFideId "2314118"]
[BlackFideId "343422500"]
[EventDate "2024.03.15"]

1. d4 d5 2. Nf3 e6 3. e3 Bd6 4. Bd3 f5 5. b3 Qe7 6. Bb2 Nf6 7. O-O O-O 8. Ne5
Ne4 9. f3 Ng5 10. Nd2 b6 11. f4 Ne4 12. Rf3 Qh4 13. Nxe4 fxe4 14. Rh3 Qf6 15.
Qh5 Qf5 16. Be2 Qxh5 17. Bxh5 Ba6 18. Rc1 Bxe5 19. fxe5 Nd7 20. Bg4 Rae8 21. c4
c6 22. Ba3 Rf7 23. Bd6 Nf8 24. Bh5 g6 25. Be2 Rc8 26. b4 Nd7 27. Bg4 Re8 28. b5
cxb5 29. cxd5 Nf8 30. Bxf8 Kxf8 31. Bxe6 Rfe7 32. Rh4 Bb7 33. Rf4+ Kg7 34. Rcf1
Bc8 35. Rf7+ Rxf7 36. Rxf7+ Kh6 37. Bxc8 Rxc8 38. d6 g5 39. d7 Rd8 40. e6 Kg6
41. Rf1 1-0

[Event "Reykjavik Open 2024"]
[Site "Reykjavik ISL"]
[Date "2024.03.16"]
[Round "3.139"]
[White "Jonsson, Olafur Gisli"]
[Black "Gudjonsson, Anton Vignir"]
[Result "0-1"]
[WhiteElo "1849"]
[BlackElo "1643"]
[WhiteFideId "2302705"]
[BlackFideId "2323664"]
[EventDate "2024.03.15"]

1. Nf3 d5 2. d4 e6 3. e3 Nf6 4. Bd3 c5 5. c3 Be7 6. O-O O-O 7. Nbd2 Nc6 8. Re1
Qc7 9. e4 dxe4 10. Nxe4 cxd4 11. cxd4 Rd8 12. Bg5 Nd5 13. Rc1 Qb6 14. Bxe7 Ndxe7
15. Qe2 Nxd4 16. Nxd4 Qxd4 17. Bb1 Qe5 18. Qc2 Qh5 19. Ng3 Qh6 20. Re5 g6 21.
Rc5 Qd2 22. Qe4 Qxb2 23. Qh4 Re8 24. Ne4 Kg7 25. Ng5 h6 26. Ne4 Nf5 27. Qf4 Bd7
28. R5c3 e5 29. Qf3 Rac8 30. Nc5 b6 31. Nxd7 Qxc1+ 0-1

[Event "Reykjavik Open 2024"]
[Site "Reykjavik ISL"]
[Date "2024.03.16"]
[Round "3.140"]
[White "Leliveld, Andrew"]
[Black "Reynaud, Frederic"]
[Result "0-1"]
[WhiteElo "1657"]
[BlackElo "1840"]
[WhiteFideId "2645327"]
[BlackFideId "2624338"]
[EventDate "2024.03.15"]

1. e4 c6 2. Bc4 d5 3. exd5 cxd5 4. Bb3 Nf6 5. d4 Bg4 6. Ne2 Nc6 7. c3 e6 8. Bc2
Qb6 9. f3 Bh5 10. Nd2 Qc7 11. Nf1 b5 12. Bf4 Bd6 13. Bxd6 Qxd6 14. a3 a5 15.
Nfg3 Bg6 16. O-O Bxc2 17. Qxc2 O-O 18. b4 g6 19. Qd2 Kg7 20. Nf4 h6 21. Nd3 Nd7
22. Nc5 Nb6 23. Rfe1 Nc4 24. Qd3 Ra7 25. Reb1 axb4 26. axb4 Rfa8 27. Rxa7 Rxa7
28. Nf1 Ra2 29. Ne3 Qf4 30. Nxc4 dxc4 31. Qe4 Qd2 32. f4 Qf2+ 33. Kh1 Re2 0-1

[Event "Reykjavik Open 2024"]
[Site "Reykjavik ISL"]
[Date "2024.03.16"]
[Round "3.141"]
[White "Eustratiadis, Panagiotis"]
[Black "Hauksson, Bjorgvin Jonas"]
[Result "0-1"]
[WhiteElo "1653"]
[BlackElo "1836"]
[WhiteFideId "40100448"]
[BlackFideId "2314223"]
[EventDate "2024.03.15"]

1. e4 e5 2. Nf3 Nc6 3. d4 exd4 4. Bc4 Bc5 5. Ng5 Nh6 6. Nxf7 Nxf7 7. Bxf7+ Kxf7
8. Qh5+ g6 9. Qxc5 d6 10. Qb5 a6 11. Qe2 Re8 12. O-O Qe7 13. Nd2 Kg8 14. f4 Bf5
15. Qc4+ Be6 16. Qe2 b5 17. Qf3 Na5 18. b3 c5 19. Bb2 Rad8 20. Rae1 Nc6 21. f5
Bf7 22. c3 Qe5 23. Qh3 b4 24. Nc4 Bxc4 25. bxc4 dxc3 26. fxg6 Qd4+ 27. Kh1 hxg6
28. Qh6 Qg7 29. Qg5 Re5 30. Qc1 cxb2 31. Qxb2 Rde8 32. Qd2 Nd4 33. Qd3 Rf8 34.
Qg3 Rf6 35. Qg4 Qf7 36. Kg1 Nc2 37. Rxf6 Qxf6 38. Rf1 Qxf1+ 0-1

[Event "Reykjavik Open 2024"]
[Site "Reykjavik ISL"]
[Date "2024.03.16"]
[Round "3.142"]
[White "Y Castro, Vitor Fernandez"]
[Black "Dhruv Rattan"]
[Result "0-1"]
[WhiteElo "1630"]
[BlackElo "1831"]
[WhiteFideId "44760973"]
[BlackFideId "45007993"]
[EventDate "2024.03.15"]

1. e4 e5 2. Nf3 Nc6 3. Bc4 Nf6 4. d3 Bc5 5. c3 O-O 6. O-O a5 7. a4 h6 8. Re1 d6
9. h3 Be6 10. Nbd2 Ba7 11. Bb3 Ne7 12. d4 exd4 13. cxd4 Ng6 14. Nf1 Qe8 15. Bxe6
fxe6 16. Ng3 Qd7 17. Qc2 Qf7 18. Ra3 Rae8 19. Be3 Bb6 20. Rc3 Nd7 21. d5 Nc5 22.
Bxc5 Bxc5 23. dxe6 Rxe6 24. Nf5 Qe8 25. Rb3 b6 26. Qc4 Kh8 27. Qc3 Ne5 28. Nxe5
Rxe5 29. Rf1 d5 30. Qg3 Rf7 31. Nh4 Rxe4 32. Ng6+ Kg8 33. Rf3 Rxf3 34. gxf3 Bd6
35. f4 Kh7 36. Ne5 Bxe5 37. fxe5 Rxe5 38. Kh1 Rg5 39. Qd3+ Kh8 40. Rc1 Qe6 41.
Qf1 Qe4+ 42. f3 Qf4 43. b3 Rg3 44. Rc3 d4 45. Rd3 c5 46. Rd1 Rxf3 47. Qg2 Rf2
48. Qa8+ Kh7 0-1

[Event "Reykjavik Open 2024"]
[Site "Reykjavik ISL"]
[Date "2024.03.16"]
[Round "3.143"]
[White "Carr, Jay"]
[Black "Gunnarsdottir, Eyrun Eva"]
[Result "1-0"]
[WhiteElo "1826"]
[BlackElo "1491"]
[WhiteFideId "30922690"]
[BlackFideId "2327058"]
[EventDate "2024.03.15"]

1. Nf3 Nf6 2. b3 d5 3. Bb2 Bf5 4. e3 e6 5. Nh4 Bg6 6. Nxg6 hxg6 7. g3 Bd6 8. Bg2
Nbd7 9. d3 Qe7 10. Nd2 Be5 11. c3 O-O-O 12. Qe2 Bd6 13. a3 Ne5 14. h3 g5 15. d4
Nc6 16. c4 dxc4 17. Nxc4 g4 18. Bxc6 bxc6 19. Na5 Kd7 20. Qc4 c5 21. Qb5+ Kc8
22. Nc6 Kd7 23. Ne5+ Kc8 24. Qa6+ Kb8 25. Nc6+ Ka8 26. Qxa7# 1-0

[Event "Reykjavik Open 2024"]
[Site "Reykjavik ISL"]
[Date "2024.03.16"]
[Round "3.147"]
[White "Gudmundsson, Eirikur Orri"]
[Black "Geirsson, Kristjan"]
[Result "0-1"]
[WhiteElo "1536"]
[BlackElo "1819"]
[WhiteFideId "2325560"]
[BlackFideId "2313596"]
[EventDate "2024.03.15"]

1. d4 Nf6 2. Bf4 d5 3. e3 e6 4. Nc3 c5 5. Nb5 Na6 6. c3 Qb6 7. a4 c4 8. Nf3 Bd7
9. b4 Bxb5 10. axb5 Qxb5 11. Ra5 Qb6 12. Qa4+ Nd7 13. Ne5 Rd8 14. Rb5 Qc7 15.
Nxf7 Qc8 16. Nxh8 b6 17. Bg5 Be7 18. Bxe7 Kxe7 19. e4 Nc7 20. exd5 exd5 21. Be2
a6 22. Rxb6 Nxb6 23. Qc6 Rd6 24. Bg4 Qxg4 25. Qxc7+ Qd7 26. Qxd7+ Nxd7 27. Kd2
Re6 28. Ra1 Kf8 29. Ra5 Rd6 30. b5 axb5 31. Rxb5 Kg8 32. Ra5 Nb6 33. Ra6 Kxh8
34. Ke3 Rf6 35. f4 h5 36. f5 Kh7 37. Kf4 Kh6 38. h4 g6 39. g4 hxg4 40. Kxg4
gxf5+ 41. Kf4 Kg6 42. Ra1 Re6 43. Rg1+ Kf6 44. h5 Re4+ 45. Kf3 Na4 46. Rg6+ Kf7
47. Rd6 Nxc3 48. h6 Rh4 49. Ke3 f4+ 50. Kf3 Kg8 51. Rf6 Kh7 52. Rd6 Rxh6 53.
Rd7+ Kg6 54. Kxf4 Rh4+ 55. Ke5 Re4+ 56. Kd6 Rxd4 0-1

[Event "Reykjavik Open 2024"]
[Site "Reykjavik ISL"]
[Date "2024.03.16"]
[Round "3.148"]
[White "Tourbez, Geofrey"]
[Black "Kristinsson, Magnus"]
[Result "1/2-1/2"]
[WhiteElo "1517"]
[BlackElo "1810"]
[WhiteFideId "653058810"]
[BlackFideId "2305682"]
[EventDate "2024.03.15"]

1. d4 Nf6 2. Nc3 d5 3. Bf4 g6 4. e3 Bg7 5. h4 h5 6. Nf3 O-O 7. Be2 c5 8. Ne5 Nc6
9. f3 cxd4 10. exd4 Qb6 11. Nxc6 bxc6 12. Rb1 Nd7 13. Be3 e5 14. Na4 Qc7 15. O-O
Re8 16. c3 Nf6 17. Nc5 Qe7 18. Bd3 e4 19. fxe4 Nxe4 20. Nxe4 Bg4 21. Qd2 dxe4
22. Bc4 Be6 23. Bxe6 Qxe6 24. b3 1/2-1/2

[Event "Reykjavik Open 2024"]
[Site "Reykjavik ISL"]
[Date "2024.03.16"]
[Round "3.153"]
[White "Fjeldsted, Andres"]
[Black "Schliebener, Stephan"]
[Result "1/2-1/2"]
[WhiteElo "1795"]
[BlackElo "2088"]
[WhiteFideId "2321378"]
[BlackFideId "4621662"]
[EventDate "2024.03.15"]

1. e4 c5 2. Nc3 Nc6 3. f4 g6 4. Nf3 Bg7 5. d3 d6 6. g3 e6 7. Bg2 Nge7 8. O-O O-O
9. Kh1 Rb8 10. a4 a6 11. Ne2 f5 12. c3 b6 13. Ng5 h6 14. Nf3 Kh7 15. Qc2 Bd7 16.
d4 cxd4 17. Nexd4 fxe4 18. Qxe4 Nxd4 19. Nxd4 e5 20. Nf3 Be6 21. Qe2 Qc8 22.
fxe5 dxe5 23. Be3 Qc4 1/2-1/2